000
00280nam a22001217a 4500
008
160617b xxu||||| |||| 00| 0 eng d
082
_a
80
100
_9
4
_a
Priddy, R
245
_a
Happy Baby 123
260
_a
Noida
_b
Martin's Press
_c
2001
300
_a
Happy Baby 123
942
_2
ddc
_c
BK
999
_c
4
_d
4